000 00830cam a2200145 4500500
005 20251228073720.0
041 _afre
042 _adc
100 1 0 _aLe Roy, Christian
_eauthor
245 0 0 _aFollet Simone éd., L’hellénisme d’époque romaine, Nouveaux documents, nouvelles approches (Ier s. a.C. - IIIe s. p. C.), Actes du Colloque international à la mémoire de Louis Robert, Paris, 7-8 juillet 2000, organisé par L’Année épigraphique et l’Université de Paris IV (De l’archéologie à l’histoire), Paris, De Boccard, 2004, 1 vol. 16 × 4, 452 p., 37 fig. ds t.
260 _c2005.
500 _a5
786 0 _nRevue archéologique | 40 | 2 | 2005-09-01 | p. 365zc-437zc | 0035-0737
856 4 1 _uhttps://shs.cairn.info/revue-archeologique-2005-2-page-365zc?lang=fr&redirect-ssocas=7080
999 _c1595827
_d1595827